Dirty Laundry lyrics (Don Henley) - Statistics

General Stats
  • This quiz has been taken 11 times
  • The average score is 273 of 350
Answer Stats
Lyrics % Correct
a
100%
all
100%
an
100%
and
100%
be
100%
can
100%
Can
100%
dirty
100%
Dirty
100%
do
100%
don't
100%
I
100%
it
100%
laundry
100%
on
100%
People
100%
people
100%
the
100%
they
100%
up
100%
up,
100%
when
100%
When
100%
around
83%
at
83%
blonde,
83%
'bout
83%
but
83%
clear
83%
die,
83%
down
83%
'em
83%
evening
83%
give
83%
have
83%
head
83%
her
83%
in
83%
interesting
83%
Is
83%
It's
83%
it's
83%
Kick
83%
kick
83%
love
83%
make
83%
me
83%
my
83%
news
83%
they're
83%
We
83%
we
83%
you
83%
You
83%
bubble
67%
Come
67%
comes
67%
dead
67%
ear,
67%
five
67%
Get
67%
good,
67%
haven't
67%
headed
67%
here
67%
Just
67%
just
67%
know,
67%
know
67%
living
67%
look
67%
lose,
67%
operation?
67%
set,
67%
something,
67%
something
67%
tell
67%
to
67%
us
67%
use
67%
what's
67%
widow
67%
wound
67%
yet?
67%
actor,
50%
bet
50%
boys
50%
crash
50%
dance
50%
eye
50%
gleam
50%
got
50%
how
50%
lies
50%
need
50%
newsroom
50%
off
50%
plane
50%
really
50%
running
50%
She
50%
sing
50%
told
50%
Well,
50%
well
50%
whisper
50%
with
50%
been
33%
bleached
33%
could've
33%
done,
33%
film
33%
goin'
33%
innuendo,
33%
little
33%
our
33%
out
33%
said
33%
thing
33%
your
33%
alone,
17%
crap
17%
cut
17%
enough
17%
everybody's
17%
far
17%
find
17%
fingers
17%
gone
17%
king,
17%
leave
17%
pie
17%
secrets,
17%
size,
17%
stiff,
17%
that
17%
wanna
17%
keep
0%
littles
0%
No matching quizzes found
Score Distribution
Percent of People with Each Score
Percentile by Number Answered
Your Score History
You have not taken this quiz